Szczegóły MARC21

WIRTSCHAFT, Seeverkehr und Tourismus im Ostseeraum, Beiträge, Studien und Informationen.

005 -DATA I CZAS OSTATNIEJ MODYFIKACJI [,]
    • @
    • pole kontrolne
    • 20070315155141.9
040 -Instytucja sporządzająca opis [ , ]
    • a
    • Instytucja, która sporządziła opis (NP)
    • SZCZ U
    • c
    • Instytucja, która sporządziła rekord (NP)
    • SZCZ U
041 -Język dokumentu [0, ]
    • a
    • Język tekstu (P)
    • niemiecki
    • h
    • Język tekstu oryginalnego i/lub pośredniego (P)
    • niemiecki
942 -Rodzaj dokumentu [ , ]
    • c
    • Rodzaj dokumentu
    • Książka
245 -Strefa tytułu i oznaczenia odpowiedzialności [0, ]
    • a
    • Tytuł
    • WIRTSCHAFT, Seeverkehr und Tourismus im Ostseeraum, Beiträge, Studien und Informationen. Find
260 -Strefa adresu wydawniczego [ , ]
    • a
    • Miejsce wydania (P)
    • Rostock :
    • b
    • Nazwa wydawcy (P)
    • Universität Rostock,
    • c
    • Data wydania (P)
    • 1999.
300 -Strefa opisu fizycznego [ , ]
    • a
    • Określenie formy książki i/lub objętość (NP)
    • 215 :
    • c
    • Format (NP)
    • 21 cm.
490 -Strefa serii i książki wielotomowej - forma nie do wyszukiwania [0, ]
    • z
    • Numer rekordu powiązanego
    • 120350
    • a
    • Tytuł (P)
    • (BEITRÄGE und Informationen aus dem Ostseeintitut für Marketing, ... ; Find
    • y
    • Zob. egzemplarze
    • 2
    • v
    • Numeracja (P)
    • H.6)
500 -Uwaga ogólna [ , ]
    • a
    • Uwaga ogólna (NP)
    • Bibliogr
500 -Uwaga ogólna [ , ]
    • a
    • Uwaga ogólna (NP)
    • ISSN 1433-0202
080 -Uniwersalna Klasyfikacja Dziesiętna [ , ]
    • a
    • Symbol klasyfikacji
    • 338.47::656.6(26)=30
980 -Symbol UKD [ , ]
    • a
    • UKD
    • 338.47::656.6(26)=30
Status udost. Numer tomu Numer inwentarzowy Data inwentaryzacji Lokalizacja Sygnatura Powiązanie z serią
-11H.6Tc.4872000-01-20TcTc.4862